Francúzska identita a stereotypy očami cudzincov

Vysvetlenie pojmov národná identita a stereotypy. Stereotypy Francúzov. Ako vidia Francúzov iné národy. Francúzi očami rôznych cudzincov (anketa). Kultúrny šok - negatívny alebo pozitívny.

Uložené v:
Podrobná bibliografia
Hlavný autor: Melušová, Elena, 1953-
Médium: Kapitola
Jazyk:Slovak
Predmet:
Tagy: Pridať tag
Žiadne tagy, Buďte prvý, kto otaguje tento záznam!

MARC

LEADER 00000naa$a2200000$$$4500
001 0261310
005 20260326122850.3
041 0 |a slo 
044 |a SK 
245 1 0 |a Francúzska identita a stereotypy očami cudzincov  |c Elena Melušová 
520 |a Vysvetlenie pojmov národná identita a stereotypy. Stereotypy Francúzov. Ako vidia Francúzov iné národy. Francúzi očami rôznych cudzincov (anketa). Kultúrny šok - negatívny alebo pozitívny. 
610 2 0 |a identita 
610 2 0 |a národ 
610 2 0 |a kultúra 
610 2 0 |a Francúzsko 
610 2 0 |a cudzinci 
610 2 0 |a stereotypy 
100 1 |a Melušová, Elena, 1953-